<?xml version="1.0" encoding="UTF-8"?>
<marc:record xmlns:marc="http://www.loc.gov/MARC21/slim">
   <marc:leader>00000nam a2200000 a 4500</marc:leader>
   <marc:datafield ind1="1" ind2=" " tag="100">
      <marc:subfield code="a">Hasskerl, Heide</marc:subfield>
      <marc:subfield code="4">aut</marc:subfield>
      <marc:subfield code="e">Verfasser/-in</marc:subfield>
   </marc:datafield>
   <marc:datafield ind1=" " ind2=" " tag="653">
      <marc:subfield code="a">Garten</marc:subfield>
   </marc:datafield>
   <marc:datafield ind1=" " ind2=" " tag="653">
      <marc:subfield code="a">Kräuter</marc:subfield>
   </marc:datafield>
   <marc:datafield ind1=" " ind2=" " tag="653">
      <marc:subfield code="a">Gemüse</marc:subfield>
   </marc:datafield>
   <marc:datafield ind1=" " ind2=" " tag="653">
      <marc:subfield code="a">Nützlinge</marc:subfield>
   </marc:datafield>
   <marc:datafield ind1="0" ind2="0" tag="245">
      <marc:subfield code="a">Selbstversorgt!</marc:subfield>
   </marc:datafield>
   <marc:datafield ind1="0" ind2="0" tag="245">
      <marc:subfield code="b">Gemüse, Kräuter und Beeren aus dem eigenen Garten</marc:subfield>
   </marc:datafield>
   <marc:datafield ind1=" " ind2="1" tag="264">
      <marc:subfield code="b">Stocker</marc:subfield>
      <marc:subfield code="c">2010</marc:subfield>
   </marc:datafield>
   <marc:datafield ind1="1" ind2=" " tag="520">
      <marc:subfield code="a">Wer sich zum ersten Mal mit dem Gedanken trägt, den Speisezettel mit Gemüse, Kräutern und Beeren aus dem eigenen Garten gesund zu gestalten, der fängt damit nicht viel an, weil er im Normalfall Kraut nicht von Unkraut unterscheiden kann. Mit diesem Praxisbuch, das sich speziell an Einsteiger wendet, wird das anders. Schritt für Schritt wird erklärt, was zu tun ist, um aus der Wiese vor dem Haus einen Nutzgarten zu machen. Die richtige Anlage der Beete, die Bearbeitung der Erde, die Unterschiede zwischen aufkeimenden erwünschten  Pflanzen und solchen, die man am besten sofort wieder ausreißt, realistische Angaben zum Zeitaufwand sowie eine Gegenüberstellung von Kosten und Nutzen machen das künftige Gärtnern zu einem kalkulierbaren Vergnügen mit Erfolgsgarantie. Nützliche Tipps und Tricks.   *Kärntner Kirchenzeitung N° 21/2010*</marc:subfield>
   </marc:datafield>
   <marc:datafield ind1=" " ind2=" " tag="020">
      <marc:subfield code="a">9783702012632</marc:subfield>
      <marc:subfield code="9">9783702012632</marc:subfield>
   </marc:datafield>
</marc:record>
